Súčasné vzťahy medzi EÚ a Ruskom bakalárska práca

Enregistré dans:
Détails bibliographiques
Auteur principal: Dzurišová, Tatiana
Collectivité auteur: Fakulta medzinárodných vzťahov EU. Katedra medzinárodných politických vzťahov
Autres auteurs: Zubro, Tetyana, 1975-
Format: Livre
Langue:slovaque
Publié: Bratislava 2021
Tags: Ajouter un tag
Pas de tags, Soyez le premier à ajouter un tag!

MARC

LEADER 00000nbm a2200000 4500
001 0275447
005 20220222101743.5
041 0 |a slo 
044 |a SK 
245 1 0 |a Súčasné vzťahy medzi EÚ a Ruskom  |b bakalárska práca  |c Tatiana Dzurišová ; školiteľ: Tetyana Zubro 
264 1 |a Bratislava  |c 2021 
300 |a 66 s. 
100 1 |a Dzurišová, Tatiana 
700 1 |a Zubro, Tetyana, 1975- 
710 2 |a Fakulta medzinárodných vzťahov EU. Katedra medzinárodných politických vzťahov